000 00405nam a22001457a 4500
005 20240812142446.0
008 240812b |||||||| |||| 00| 0 eng d
041 _aeng
082 _bSAP
100 _aSapkal Vaishnavi- 2K221124 & Dr. Sneha Arekar– Guide
_9208216
245 _aStudy of Employee Motivation in Panomac Company
260 _a Pune
_bSPPU
_cMarch-2024
300 _a48p
942 _cPR
999 _c359455
_d359455